Grands Événements Historiques. Niveau: FACILE - Statistiques

Statistiques générales
  • Ce quiz a été pris 260 fois
  • Le résultat moyen est 7 sur 10
Statistiques - réponses
Question Réponse % Correct
En quelle année à eu lieu la Revol Française ? 1789
97%
En quelle année a eu lieu la chute du mur de Berlin ? 1989
81%
Quel événement historique a été déclenché par l'assassinat de l'archiduc François-Ferdinand en 1914 ? La première Guerre Mondiale
78%
Quel empire a été fondé à Rome et a duré plus de 1000 ans ? L'Empire Romain
78%
Qui était le leader indien connu pour sa politique de non-violence durant la lutte pour l'indépendance ? Mahatma Gandhi
70%
Quel traité à mis fin à la premiere Guerre Mondiale ? Le Traité de Versailles
68%
Quel événement a marqué le début de la Seconde Guerre mondiale ? L'invasion de la Pologne en 1939
67%
Quel événement est connu sous le nom de "Jour J" pendant la Seconde Guerre mondiale ? Le Débarquement de Normandie en 1944
66%
Quel mouvement a conduit à l'abolition de l'esclavage aux États-Unis ? La Guerre de Sécession
27%
Qui a prononcé le discours "I Have a Dream" lors de la marche sur Washington en 1963 ? Martin Luther King Jr.
20%
Aucun quiz correspondant
Distribution des résultats
% des personnes avec chaque résultat
Percentile par nombre de réponses
Votre historique - résultats
Vous n’avez pas pris ce quiz